Statistics for Brands Logo Quiz #6

Click here to take the quiz!

General Stats

  • This quiz has been taken 459 times
  • The average score is 11 of 16

Answer Stats

Answer% Correct
Dunkin' Donuts
93%
Yahoo!
90%
Safari
87%
Skype
85%
Rolex
80%
New Balance
79%
Baskin Robbins
76%
Mr. Clean
76%
American Airlines
73%
Arby's
67%
Domino's Pizza
66%
Michelin
65%
Kraft
63%
Tostitos
51%
Klondike
44%
Qantas
38%

Score Distribution

Percentile by Number Answered

Percent of People with Each Score

Your Score History

You have not taken this quiz